| 000 | 00743nam a2200217Ii 4500 | ||
|---|---|---|---|
| 003 | JO-AjNU | ||
| 008 | 230605s9999||||xx |||||||||||||| ||und|| | ||
| 017 | _a2008/4/1088 | ||
| 040 |
_aJO-AjNU _bara _erda _cJO-AjNU |
||
| 041 | _aara | ||
| 050 | 1 | 4 | _aLC4601.Z87 2011 |
| 100 | 3 |
_aالزريقات،إبراهيم عبدالله, _eauthor _927995 |
|
| 245 | 0 | 0 | _aالتدخل المبكر النماذج والإجراءات = Early Intervention |
| 250 | _aط2 | ||
| 264 | 3 | 1 | _aعمان:دار المسيرة،2011 |
| 300 | _a320ص | ||
| 336 |
_atext _btxt _2rdacontent |
||
| 337 |
_aunmediated _bn _2rdamedia |
||
| 338 |
_avolume _bnc _2rdacarrier |
||
| 650 | 4 |
_aالتعليم الخاص-التربية الخاصة-التربية _927996 |
|
| 999 |
_aA10804 _c14372 _d14372 |
||